| 000 | 01147nam a2200313 a 4500 | ||
|---|---|---|---|
| 001 | 33754 | ||
| 003 | BD-RjUL | ||
| 005 | 20211209052044.0 | ||
| 008 | 140511s2005 enka b 000 0 eng | ||
| 020 | _a1412907403 (hbk. : 4 vol. set) | ||
| 035 | _a(BD-RjUL) | ||
| 040 |
_aUKM _beng _cUKM _dBAKER _dNLGGC _dHDC _dDLC _dBD-RjUL |
||
| 041 | _aeng | ||
| 082 | 0 | 4 |
_a300.72 _223 _bQUA 2005 |
| 245 | 0 | 0 |
_aQuantitative social science / _cedited by Jacqueline Scott and Yu Xie. |
| 260 |
_aLondon : _bSAGE, _cc2005. |
||
| 300 |
_a4 Vol. : _bill. ; _c24 cm. |
||
| 490 | _aSage benchmarks in social research methods | ||
| 504 | _aIncludes bibliographical references. | ||
| 505 | 0 | _aVol. 1 (Overview and major issues)-- v. 2 (Data quality)-- v. 3 (Data analysis I)-- v. 4 (Data analysis II) | |
| 650 | 0 |
_aSocial sciences _xMethodology. _9102490 |
|
| 650 | 0 |
_aSocial sciences _xResearch. _9102491 |
|
| 650 | 1 | 7 |
_aKwantitatieve methoden. _2gtt _96962 |
| 650 | 1 | 7 |
_aSociale wetenschappen. _2gtt _94431 |
| 700 | 1 |
_aScott, Jacqueline L. _96963 |
|
| 700 | 1 |
_aXie, Yu, _d1959- _96964 |
|
| 830 |
_aSage benchmarks in social research methods _9170255 |
||
| 942 |
_2ddc _cBK |
||
| 999 |
_c33754 _d33754 |
||